Questions d'Histoire #1 - Statistiques

Statistiques générales
  • Ce quiz a été pris 18 fois
  • Le résultat moyen est 1 sur 11
Statistiques - réponses
Évènement Date % Correct
Crucifixion de Jésus-Christ 30
88%
Mort de Mahomet 632
29%
Apparition de l'Homo sapiens 100 000 BP
0%
Grottes de Lascaux (Dordogne) 16 000 BC
0%
Naissance de l'écriture (Sumer, Mésopotamie) 3 000 BC
0%
Assassinat de Jules César 44 BC
0%
Périclès 461-431 BC
0%
Victoire de Jules César sur Vercingétorix, Alésia 52 BC
0%
Fondation de Rome 753 BC
0%
Premiers Jeux Olympiques 776 BC
0%
Naissance de l'agriculture (Proche-Orient) 8 000 BC
0%
Aucun quiz correspondant
Distribution des résultats
% des personnes avec chaque résultat
Percentile par nombre de réponses
Votre historique - résultats
Vous n’avez pas pris ce quiz